000 00429nam a2200181Ia 4500
001 3838
005 20260306145713.0
008 260306t2014||||xx |||||||||||||| ||spa||
041 _aESP
082 _a303.625
_bF63
100 _aFlores Lizana, Carlos
_eAUT
245 0 _aVeinticinco relatos para olvidar
260 _c2014
300 _a99 páginas :
_c21 cm.
650 _aGEN
654 _aCHU
942 _cLIB
_dJUS
_fJUS
_2ddc
_n
999 _c3838
_d3838